Statistics for Provinces of Cambodia with a Map

Click here to take the quiz!

General Stats

  • This quiz has been taken 205 times
  • The average score is 11 of 25

Answers on the Map

Answers color-coded by a green-red scale on the quiz's map according to % correct below.
 

Answer Stats

Province% Correct
Phnom Penh
97%
Siem Reap
71%
Battambang
50%
Kampot
45%
Kep
45%
Kampong Cham
42%
Kandal
42%
Pailin
42%
Takéo
41%
Mondulkiri
40%
Pursat
40%
Banteay Meanchey
39%
Kampong Thom
39%
Koh Kong
39%
Ratanakiri
39%
Kampong Chhnang
38%
Kampong Speu
38%
Kratié
38%
Preah Vihear
38%
Oddar Meanchey
37%
Prey Veng
36%
Preah Sihanouk
35%
Steung Treng
35%
Svay Rieng
35%
Tboung Khmum
30%

Score Distribution

Percentile by Number Answered

Percent of People with Each Score

Your Score History

You have not taken this quiz